Sentimientos y derecho (Registro nro. 28325)

Detalles MARC
000 -LEADER
fixed length control field 00306 a2200109 4500
001 - CONTROL NUMBER
control field ART_28286
005 - DATE AND TIME OF LATEST TRANSACTION
control field 20260410161928.0
008 - FIXED-LENGTH DATA ELEMENTS--GENERAL INFORMATION
fixed length control field 260409a
100 1# - MAIN ENTRY--PERSONAL NAME
Personal name Roekel, Eva van
245 10 - TITLE STATEMENT
Title Sentimientos y derecho
773 0# - HOST ITEM ENTRY
Title Derechos humanos
Related parts - Año III, Nº 6/A (ene. 2015)
Record control number REV22278

No hay ítems disponibles.